00534nam a2200157 i 4500001000300000100002600003245008600029260002100115040000800136041000800144942000700152008004100159999001700200856009800217952006100315bg1 aJAKUBOWSKI, Bolesław 0aRozszerzalność termiczna kryształów molekularnych /cBolesław Jakubowski. aWrocław,c1980. cBPK apol cKS s pl f |000 0 pol  c19082d19082 uhttp://koha.tu.koszalin.pl/cgi-bin/koha/opac-detail.pl?biblionumber=19082yKatalog online BPK 00104070aBPKbBPKcwo26795p01652666s2018-09-25yKS